000 00318nam a2200133Ia 4500
003 OSt
008 191201s2017 xx 000 0 und d
100 _aGOEL,D.K.
245 0 _aFundamentals of Business Accounting BBA 1st Sem
260 _aN. Delhi
_bArya Pub
_c2017
300 _aMISC
650 _aBBA
942 _2ddc
_cBK
999 _c6735
_d6735